000 00207nam a2200109Ia 4500
100 _a#N/A
942 _cBK
654 _aSQL
245 _aProgramming Language of Oracle
260 _b#N/A
546 _aENGLISH
999 _c25571
_d25571